000 00874nam a22002777a 4500
001 BR8001600
003 BR-BrBNA
005 20230928090544.0
007 ta
008 230509b bl.||||| |||| 00| 0 por d
040 _aBR-BrBNA
_bpor
_cBiblioteca Nacional de Agricultura
041 _a(Por)
072 _aE15; E70; E50
_b/G514
090 _ E15 BR8001600
110 1 _aOrganizacao das Cooperativas Brasileiras, Brasilia, DF
_97707
111 1 _a9. Congresso Brasileiro de Cooperativismo
_cBrasilia, DF (Brazil)
_d15 Apr 1980
245 1 _aTeses a serem apresentadas ao plenario do 9. Congresso Brasileiro de Cooperativismo
260 3 _aBrasilia, DF (Brasil):
_c1980.
300 _a18 p.
650 _aMicroeconomia
650 _aComercializacao
650 _aSociologia rural
650 _aCooperativa
909 _a202309
_bLucia
_c55
_dLucia Elande
942 _cBK
999 _c29340
_d29340